Sustainability and International Trade in Resources

Guardado en:
Detalles Bibliográficos
Autor principal: Klepper, Gernot
Otros Autores: Stähler, Frank
Formato: Libro
Lenguaje:inglés
Publicado: Kiel Institut für Weltwirtschaft 1995
Colección:Kiel Working Paper No.712
Materias:
Etiquetas: Agregar Etiqueta
Sin Etiquetas, Sea el primero en etiquetar este registro!

MARC

LEADER 00000nam a2200000 4500
001 c013229
005 20250521093109.6
041 0 |a eng 
044 |a DE 
245 1 0 |a Sustainability and International Trade in Resources  |c Gernot Klepper, Frank Stähler 
264 1 |a Kiel  |b Institut für Weltwirtschaft  |c 1995 
300 |a 18 s. 
490 1 |a Kiel Working Paper  |v No.712 
830 0 |a Kiel Working Paper  |v No.712 
610 2 0 |a obchod svetový 
610 2 0 |a politika environmentálna 
610 2 0 |a zdroje prírodné 
610 2 0 |a zdroje surovinové 
610 2 0 |a rozvoj trvalo udržateľný 
100 1 |a Klepper, Gernot 
700 1 |a Stähler, Frank